000 00885nam a22001937a 4500
003 OSt
005 20240722123951.0
008 240722s2019 ag ||||| |||| 00| 0 spa d
020 _a9789876024143
040 _bspa
_cbesoc
245 1 0 _aConectados :
_bLengua y literatura : escuela secundaria /
_cMyriam Delgado ... [et al.]
250 _a1a ed.
260 _aCórdoba :
_bComunicarte,
_c2019
300 _a142 p.
490 0 _aComunicarte 2
505 0 _aMódulo 1: La conversación -- Módulo 2: La narración oral, el cuento maravilloso -- Módulo 3: El cuento realista -- Módulo 4: La exposición -- Módulo 5: El cuento policial -- Módulo 6: La entrevista periodística -- Módulo 7: El cuento de ciencia ficción -- Módulo 8: El texto dramático.-
650 4 _aEnseñanza de la lengua
_xEnseñanza de la literatura
_xEducación secundaria
_xLibros de texto
942 _2udc
_cLPD
_n0
999 _c267
_d267